[Event "Basses Vallees Angevines op 4th"]
[Site "Cantenay Epinard"]
[Date "2015.12.19"]
[Round "1"]
[White "Delafenetre, Franck"]
[Black "Le Pen, Steven"]
[Result "0-1"]
[WhiteElo "1576"]
[BlackElo "1967"]
[PlyCount "84"]
[EventDate "2015.12.19"]
[EventType "swiss"]
[EventRounds "5"]
[EventCountry "FRA"]
[SourceTitle "EXT 2019"]
[Source "ChessBase"]
[SourceDate "2018.10.10"]
[SourceVersion "1"]
[SourceVersionDate "2018.10.10"]
[SourceQuality "1"]

1. d4 Nf6 2. c4 c5 3. d5 d6 4. Nc3 g6 5. e4 Bg7 6. Nf3 0-0 7. Bd3 e5 8. 0-0 Ne8 9. Bg5 f6 10. Be3 f5 11. Bg5 Nf6 12. exf5 gxf5 13. Nh4 h6 14. Bxf6 Qxf6 15. Qh5 Bd7 16. Qg6 Qxh4 17. Qxd6 Qf6 18. Qxc5 Na6 19. Qe3 e4 20. Be2 Qd4 21. Qg3 f4 22. Qg6 Rae8 23. Rfd1 Qf6 24. Bh5 Qe5 25. Re1 Bf5 26. Qxe8 Rxe8 27. Bxe8 Qxe8 28. Nxe4 Bxe4 29. f3 Bd4+ 30. Kh1 Be3 31. fxe4 Qxe4 32. b3 f3 33. h3 fxg2+ 34. Kh2 g1R 35. Rxg1+ Bxg1+ 36. Rxg1+ Kf7 37. Rg2 Nc5 38. Rg4 Qe5+ 39. Kg2 Qe2+ 40. Kg3 Ne4+ 41. Kf4 Ng5 42. Rg3 Qe4# 0-1